[Event "22nd ETCC Women 2019"]
[Site "Batumi"]
[Date "2019.10.27"]
[Round "4.33"]
[White "Batsiashvili, Nino"]
[Black "Tsolakidou, Stavroula"]
[Result "1/2-1/2"]
[WhiteElo "2422"]
[BlackElo "2431"]
[Annotator "NA"]
[PlyCount "236"]
[EventDate "2019.10.24"]
[EventType "team-tourn"]
[EventCountry "GEO"]
[SourceTitle "playchess.com"]
[Source "ChessBase"]
[SourceQuality "1"]
[WhiteTeam "Georgia"]
[BlackTeam "Greece"]
[WhiteTeamCountry "GEO"]
[BlackTeamCountry "GRE"]
[TimeControl "40/5400+30:1800+30"]

1. Nf3 {[%emt 0:00:00]} Nf6 {[%emt 0:00:00]} 2. c4 {[%emt 0:00:00]} e6 {[%emt 0:00:00]} 3. Nc3 {[%emt 0:00:00]} Bb4 {[%emt 0:00:18]} 4. Qc2 {[%emt 0:00:00]} O-O {[%emt 0:01:15]} 5. a3 {[%emt 0:00:00]} Bxc3 {[%emt 0:01:00]} 6. Qxc3 {[%emt 0:00:00]} b6 {[%emt 0:01:26]} 7. b4 {[%emt 0:02:06]} Ne4 {[%emt 0:05:55]} 8. Qc2 {[%emt 0:04:43]} f5 {[%emt 0:00:06]} 9. d3 {[%emt 0:09:37]} Nf6 {[%emt 0:00:05]} 10. e4 {[%emt 0:04:56]} d6 {[%emt 0:10:02]} 11. Bb2 {[%emt 0:04:29]} c5 {[%emt 0:13:23]} 12. exf5 {[%emt 0:11:37]} e5 {[%emt 0:15:50]} 13. Nh4 {[%emt 0:02:45]} Nc6 {[%emt 0:00:27]} 14. g3 {[%emt 0:04:31]} Bd7 {[%emt 0:07:42]} 15. Bg2 {[%emt 0:01:09]} Rc8 {[%emt 0:08:58]} 16. O-O {[%emt 0:01:41]} Ng4 {[%emt 0:03:59]} 17. Rae1 {[%emt 0:06:38]} Nh6 {[%emt 0:01:52]} 18. f4 {[%emt 0:01:05]} Nxf5 {[%emt 0:07:40]} 19. Nxf5 {[%emt 0:05:02]} Bxf5 {[%emt 0:00:05]} 20. fxe5 {[%emt 0:02:30]} dxe5 {[%emt 0:08:17]} 21. Bd5+ {[%emt 0:00:41]} Kh8 {[%emt 0:00:03]} 22. bxc5 {[%emt 0:09:54]} bxc5 {[%emt 0:00:16]} 23. Bxe5 {[%emt 0:05:58]} Nxe5 {[%emt 0:00:57]} 24. Rxe5 {[%emt 0:00:03]} Bg6 {[%emt 0:00:28]} 25. Ree1 {[%emt 0:03:50]} Rxf1+ {[%emt 0:01:53]} 26. Rxf1 {[%emt 0:00:06]} Qe7 {[%emt 0:00:44]} 27. Qd2 {[%emt 0:03:05]} Re8 {[%emt 0:01:04]} 28. Bc6 {[%emt 0:04:47]} Rd8 {[%emt 0:01:43]} 29. Re1 {[%emt 0:02:02]} Qf6 {[%emt 0:03:29]} 30. Bd5 {[%emt 0:05:09]} Rf8 {[%emt 0:01:06]} 31. Be4 {[%emt 0:02:12]} Bxe4 {[%emt 0:04:30]} 32. dxe4 {[%emt 0:00:03]} Qe5 {[%emt 0:00:23]} 33. Rf1 {[%emt 0:02:32]} Re8 {[%emt 0:00:49]} 34. Qd5 {[%emt 0:00:53]} Qc7 {[%emt 0:00:42]} 35. e5 {[%emt 0:00:20]} h6 {[%emt 0:00:18]} 36. e6 {[%emt 0:01:19]} Qe7 {[%emt 0:00:36]} 37. Re1 {[%emt 0:00:53]} Rd8 {[%emt 0:00:16]} 38. Qe5 {[%emt 0:00:20]} Re8 {[%emt 0:00:49]} 39. a4 {[%emt 0:00:34]} Kg8 {[%emt 0:00:25]} 40. a5 {[%emt 0:00:00]} a6 {[%emt 0:00:00]} 41. Qd5 {[%emt 0:08:57]} Rd8 {[%emt 0:02:17]} 42. Qc6 {[%emt 0:01:07]} Rd2 {[%emt 0:11:15]} 43. Qxa6 {[%emt 0:06:37]} Qf8 {[%emt 0:02:19]} 44. Rf1 {[%emt 0:00:11]} Qd8 {[%emt 0:00:13]} 45. Qb7 {[%emt 0:03:32]} Qd4+ {[%emt 0:04:06]} 46. Kh1 {[%emt 0:00:01]} Qxc4 {[%emt 0:05:21]} 47. Qf7+ {[%emt 0:01:13]} Kh7 {[%emt 0:00:11]} 48. Qf5+ {[%emt 0:00:47]} Kh8 {[%emt 0:00:24]} 49. Rf2 {[%emt 0:08:19]} Rxf2 {[%emt 0:02:51]} 50. Qxf2 {[%emt 0:00:01]} Qd5+ {[%emt 0:00:31]} 51. Kg1 {[%emt 0:00:04]} Qd1+ {[%emt 0:00:18]} 52. Kg2 {[%emt 0:00:18]} Qd5+ {[%emt 0:00:38]} 53. Qf3 {[%emt 0:00:06]} Qa2+ {[%emt 0:02:42]} 54. Kf1 {[%emt 0:01:26]} Qxe6 {[%emt 0:01:22]} 55. Qf8+ {[%emt 0:00:08]} Kh7 {[%emt 0:00:05]} 56. Qxc5 {[%emt 0:00:12]} Qa6+ {[%emt 0:01:09]} 57. Kf2 {[%emt 0:00:23]} Qf6+ {[%emt 0:00:17]} 58. Kg2 {[%emt 0:01:19]} Qb2+ {[%emt 0:00:26]} 59. Kh3 {[%emt 0:00:21]} Qe2 {[%emt 0:00:32]} 60. Qf5+ {[%emt 0:01:26]} Kh8 {[%emt 0:00:21]} 61. Qd5 {[%emt 0:01:28]} Qf1+ {[%emt 0:00:36]} 62. Kg4 {[%emt 0:00:13]} Qe2+ {[%emt 0:00:29]} 63. Kf4 {[%emt 0:00:33]} Qf2+ {[%emt 0:01:02]} 64. Ke5 {[%emt 0:00:21]} Qe2+ {[%emt 0:01:13]} 65. Kd6 {[%emt 0:03:29]} Qxh2 {[%emt 0:02:24]} 66. Qd3 {[%emt 0:01:08]} Qf2 {[%emt 0:00:21]} 67. a6 {[%emt 0:00:53]} Qb6+ {[%emt 0:00:08]} 68. Ke5 {[%emt 0:00:49]} Qf6+ {[%emt 0:00:40]} 69. Kd5 {[%emt 0:00:10]} Qd8+ {[%emt 0:00:52]} 70. Ke4 {[%emt 0:00:13]} Qb6 {[%emt 0:00:31]} 71. Qc4 {[%emt 0:00:18]} Kh7 {[%emt 0:00:28]} 72. Kf3 {[%emt 0:00:21]} Qf6+ {[%emt 0:00:33]} 73. Ke3 {[%emt 0:00:05]} Qb6+ {[%emt 0:00:12]} 74. Kf3 {[%emt 0:00:21]} Qf6+ {[%emt 0:00:16]} 75. Kg2 {[%emt 0:00:26]} Qb2+ {[%emt 0:00:24]} 76. Kh3 {[%emt 0:00:09]} Qf2 {[%emt 0:01:09]} 77. Qe4+ {[%emt 0:02:13]} Kh8 {[%emt 0:00:16]} 78. Qf4 {[%emt 0:00:46]} Qb6 {[%emt 0:00:36]} 79. Qf8+ {[%emt 0:00:30]} Kh7 {[%emt 0:00:01]} 80. Qf5+ {[%emt 0:00:10]} Kh8 {[%emt 0:00:19]} 81. Qc8+ {[%emt 0:00:07]} Kh7 {[%emt 0:00:03]} 82. Qc2+ {[%emt 0:00:14]} Kh8 {[%emt 0:00:18]} 83. Qa2 {[%emt 0:00:01]} Qa7 {[%emt 0:00:45]} 84. Qa5 {[%emt 0:00:52]} Qd7+ {[%emt 0:00:31]} 85. Kh2 {[%emt 0:00:03]} Qa7 {[%emt 0:00:16]} 86. Qa2 {[%emt 0:00:51]} Kh7 {[%emt 0:00:32]} 87. Kg2 {[%emt 0:01:04]} Qa8+ {[%emt 0:00:07]} 88. Kg1 {[%emt 0:00:30]} Qa7+ {[%emt 0:00:26]} 89. Kf1 {[%emt 0:00:05]} Kh8 {[%emt 0:00:22]} 90. Qe6 {[%emt 0:00:29]} Qd4 {[%emt 0:00:55]} 91. Qa2 {[%emt 0:00:32]} Qa7 {[%emt 0:00:50]} 92. Qa3 {[%emt 0:00:59]} Kh7 {[%emt 0:00:15]} 93. Qd3+ {[%emt 0:00:49]} Kh8 {[%emt 0:00:06]} 94. Kg2 {[%emt 0:00:38]} Qa8+ {[%emt 0:00:13]} 95. Kg1 {[%emt 0:00:24]} Qa7+ {[%emt 0:00:05]} 96. Kf1 {[%emt 0:00:06]} Qf7+ {[%emt 0:00:15]} 97. Kg2 {[%emt 0:00:09]} Qa7 {[%emt 0:00:29]} 98. Qc4 {[%emt 0:00:20]} Qe3 {[%emt 0:00:54]} 99. Qc8+ {[%emt 0:00:28]} Kh7 {[%emt 0:00:05]} 100. Qf5+ {[%emt 0:00:07]} Kh8 {[%emt 0:00:30]} 101. Qf2 {[%emt 0:00:18]} Qe4+ {[%emt 0:01:28]} 102. Kh2 {[%emt 0:00:01]} Qd5 {[%emt 0:01:44]} 103. Qe2 {[%emt 0:02:06]} Qc5 {[%emt 0:00:49]} 104. Qe8+ {[%emt 0:00:55]} Kh7 {[%emt 0:00:05]} 105. Qe4+ {[%emt 0:00:05]} Kh8 {[%emt 0:00:04]} 106. Qe2 {[%emt 0:00:50]} Qa7 {[%emt 0:00:20]} 107. Kg2 {[%emt 0:00:30]} Qa8+ {[%emt 0:00:13]} 108. Kf2 {[%emt 0:00:11]} Qa7+ {[%emt 0:00:14]} 109. Kf1 {[%emt 0:00:04]} Qf7+ {[%emt 0:00:39]} 110. Ke1 {[%emt 0:00:12]} Qa7 {[%emt 0:00:25]} 111. Qd3 {[%emt 0:00:33]} Qe7+ {[%emt 0:00:33]} 112. Kd1 {[%emt 0:00:17]} Qa7 {[%emt 0:00:11]} 113. Kc2 {[%emt 0:00:22]} Qc5+ {[%emt 0:02:02]} 114. Kb3 {[%emt 0:00:26]} Qb6+ {[%emt 0:00:31]} 115. Ka4 {[%emt 0:00:13]} Qc6+ {[%emt 0:00:08]} 116. Qb5 {[%emt 0:00:29]} Qc2+ {[%emt 0:00:13]} 117. Kb4 {[%emt 0:00:38]} Qd2+ {[%emt 0:00:16]} 118. Kc5 {[%emt 0:00:14]} Qe3+ {[%emt 0:00:03]} 1/2-1/2

[Event "22nd ETCC Women 2019"]
[Site "Batumi"]
[Date "2019.10.27"]
[Round "4.34"]
[White "Avramidou, Anastasia"]
[Black "Khomeriki, Nino"]
[Result "1/2-1/2"]
[WhiteElo "2247"]
[BlackElo "2315"]
[Annotator "NA"]
[PlyCount "258"]
[EventDate "2019.10.24"]
[EventType "team-tourn"]
[EventCountry "GEO"]
[SourceTitle "playchess.com"]
[Source "ChessBase"]
[SourceQuality "1"]
[WhiteTeam "Greece"]
[BlackTeam "Georgia"]
[WhiteTeamCountry "GRE"]
[BlackTeamCountry "GEO"]
[TimeControl "40/5400+30:1800+30"]

1. d4 {[%emt 0:00:00]} Nf6 {[%emt 0:00:01]} 2. c4 {[%emt 0:00:00]} e6 {[%emt 0:00:06]} 3. Nc3 {[%emt 0:00:00]} Bb4 {[%emt 0:00:09]} 4. Nf3 {[%emt 0:01:10]} d5 {[%emt 0:00:22]} 5. g3 {[%emt 0:00:17]} dxc4 {[%emt 0:04:07]} 6. Bg2 {[%emt 0:04:54]} c6 {[%emt 0:03:30]} 7. O-O {[%emt 0:03:57]} b5 {[%emt 0:09:30]} 8. Qc2 {[%emt 0:08:09]} a5 {[%emt 0:07:32]} 9. a4 {[%emt 0:11:59]} Ba6 {[%emt 0:14:51]} 10. Ne5 {[%emt 0:08:59]} Nd5 {[%emt 0:02:41]} 11. axb5 {[%emt 0:07:51]} cxb5 {[%emt 0:16:38]} 12. Nxd5 {[%emt 0:08:58]} exd5 {[%emt 0:00:40]} 13. Nxf7 {[%emt 0:00:12]} Kxf7 {[%emt 0:00:07]} 14. Qf5+ {[%emt 0:00:05]} Ke8 {[%emt 0:00:08]} 15. Bxd5 {[%emt 0:00:06]} Ra7 {[%emt 0:02:16]} 16. Bg5 {[%emt 0:00:12]} Qb6 {[%emt 0:05:56]} 17. Qe5+ {[%emt 0:02:28]} Be7 {[%emt 0:03:30]} 18. Ra3 {[%emt 0:03:55]} h6 {[%emt 0:03:37]} 19. Bf4 {[%emt 0:17:31]} Nd7 {[%emt 0:03:59]} 20. Qxg7 {[%emt 0:00:07]} Rf8 {[%emt 0:07:28]} 21. Re3 {[%emt 0:00:37]} Qf6 {[%emt 0:00:12]} 22. Qg4 {[%emt 0:01:10]} Kd8 {[%emt 0:06:10]} 23. Be6 {[%emt 0:11:29]} Bc8 {[%emt 0:00:15]} 24. d5 {[%emt 0:03:34]} Ra6 {[%emt 0:00:09]} 25. Rf3 {[%emt 0:01:50]} Qxb2 {[%emt 0:01:56]} 26. d6 {[%emt 0:00:24]} Bxd6 {[%emt 0:01:55]} 27. Bxd6 {[%emt 0:00:21]} Rxd6 {[%emt 0:00:03]} 28. Rxf8+ {[%emt 0:00:07]} Nxf8 {[%emt 0:00:03]} 29. Bxc8 {[%emt 0:00:06]} Qd4 {[%emt 0:05:12]} 30. Qf5 {[%emt 0:02:09]} Rf6 {[%emt 0:00:14]} 31. Qxb5 {[%emt 0:00:41]} Kxc8 {[%emt 0:00:32]} 32. Rc1 {[%emt 0:01:19]} Qxf2+ {[%emt 0:00:29]} 33. Kh1 {[%emt 0:00:03]} Nd7 {[%emt 0:00:07]} 34. Rxc4+ {[%emt 0:00:51]} Kd8 {[%emt 0:00:04]} 35. Qxa5+ {[%emt 0:00:04]} Nb6 {[%emt 0:01:53]} 36. Qd2+ {[%emt 0:00:56]} Nd7 {[%emt 0:01:01]} 37. Qa5+ {[%emt 0:00:09]} Rb6 {[%emt 0:00:33]} 38. Qa8+ {[%emt 0:01:11]} Rb8 {[%emt 0:00:08]} 39. Qa5+ {[%emt 0:00:06]} Rb6 {[%emt 0:00:01]} 40. Qa8+ {[%emt 0:00:00]} Ke7 {[%emt 0:00:00]} 41. Qa3+ {[%emt 0:08:56]} Kd8 {[%emt 0:13:55]} 42. Qa8+ {[%emt 0:02:01]} Rb8 {[%emt 0:00:04]} 43. Qa5+ {[%emt 0:00:50]} Qb6 {[%emt 0:00:00]} 44. Qxb6+ Rxb6 {[%emt 0:00:00]} 45. Kg2 {[%emt 0:02:25]} Ke7 {[%emt 0:00:00]} 46. g4 {[%emt 0:06:48]} Ke6 {[%emt 0:00:49]} 47. Kg3 {[%emt 0:02:05]} Ne5 {[%emt 0:00:39]} 48. Ra4 {[%emt 0:01:17]} Ng6 {[%emt 0:01:03]} 49. Ra3 {[%emt 0:02:11]} Kf6 {[%emt 0:00:55]} 50. Rf3+ {[%emt 0:00:34]} Ke5 {[%emt 0:00:15]} 51. Re3+ {[%emt 0:05:26]} Kd4 {[%emt 0:00:18]} 52. Rd3+ {[%emt 0:00:04]} Ke4 {[%emt 0:00:12]} 53. Ra3 {[%emt 0:00:04]} Ne5 {[%emt 0:01:24]} 54. Kh4 {[%emt 0:01:09]} Kf4 {[%emt 0:03:04]} 55. Ra4+ {[%emt 0:00:19]} Ke3 {[%emt 0:00:02]} 56. g5 {[%emt 0:01:36]} Nf7 {[%emt 0:02:04]} 57. gxh6 {[%emt 0:00:17]} Rxh6+ {[%emt 0:00:40]} 58. Kg3 {[%emt 0:00:22]} Nd6 {[%emt 0:00:47]} 59. Ra3+ {[%emt 0:01:05]} Kxe2 {[%emt 0:00:15]} 60. Ra2+ {[%emt 0:00:04]} Ke3 {[%emt 0:00:07]} 61. Ra3+ {[%emt 0:00:05]} Ke4 {[%emt 0:00:11]} 62. Ra4+ {[%emt 0:00:13]} Ke5 {[%emt 0:00:36]} 63. Ra5+ {[%emt 0:00:08]} Kf6 {[%emt 0:00:21]} 64. Ra6 {[%emt 0:02:51]} Kg5 {[%emt 0:00:16]} 65. h4+ {[%emt 0:00:55]} Kf5 {[%emt 0:00:04]} 66. Ra5+ {[%emt 0:00:28]} Kf6 {[%emt 0:00:07]} 67. Kg4 {[%emt 0:00:30]} Rh8 {[%emt 0:01:00]} 68. Ra6 {[%emt 0:01:05]} Rg8+ {[%emt 0:00:17]} 69. Kf4 {[%emt 0:00:05]} Rd8 {[%emt 0:00:04]} 70. Kg4 {[%emt 0:00:11]} Kg7 {[%emt 0:00:05]} 71. Ra7+ {[%emt 0:00:19]} Nf7 {[%emt 0:00:05]} 72. Ra4 {[%emt 0:00:20]} Rd5 {[%emt 0:00:20]} 73. Ra7 {[%emt 0:01:03]} Rd6 {[%emt 0:00:27]} 74. Ra4 {[%emt 0:01:12]} Nh6+ {[%emt 0:00:12]} 75. Kg3 {[%emt 0:00:41]} Kg6 {[%emt 0:00:07]} 76. Rb4 {[%emt 0:01:35]} Ra6 {[%emt 0:00:30]} 77. Rb5 {[%emt 0:00:24]} Ra3+ {[%emt 0:00:21]} 78. Kf4 {[%emt 0:00:34]} Ra4+ {[%emt 0:00:03]} 79. Ke5 {[%emt 0:00:11]} Rxh4 {[%emt 0:00:04]} 80. Rb6+ {[%emt 0:00:40]} Kg5 {[%emt 0:00:06]} 81. Rb8 {[%emt 0:00:17]} Rh1 {[%emt 0:00:09]} 82. Rb4 {[%emt 0:00:30]} Ng4+ {[%emt 0:00:16]} 83. Ke6 {[%emt 0:00:48]} Re1+ {[%emt 0:00:17]} 84. Kd6 {[%emt 0:00:09]} Nf6 {[%emt 0:00:16]} 85. Rb5+ {[%emt 0:00:08]} Kf4 {[%emt 0:00:16]} 86. Rb4+ {[%emt 0:00:47]} Ne4+ {[%emt 0:00:07]} 87. Ke6 {[%emt 0:00:13]} Rc1 {[%emt 0:00:27]} 88. Ra4 {[%emt 0:00:39]} Rc5 {[%emt 0:00:11]} 89. Ra1 {[%emt 0:00:37]} Re5+ {[%emt 0:01:56]} 90. Kd7 {[%emt 0:00:05]} Rb5 {[%emt 0:00:31]} 91. Ke6 {[%emt 0:00:26]} Rb6+ {[%emt 0:00:59]} 92. Kd5 {[%emt 0:01:07]} Rd6+ {[%emt 0:00:03]} 93. Kc4 {[%emt 0:00:05]} Rd8 {[%emt 0:00:03]} 94. Ra7 {[%emt 0:00:50]} Nd2+ {[%emt 0:00:34]} 95. Kc3 {[%emt 0:00:05]} Ke3 {[%emt 0:00:05]} 96. Re7+ {[%emt 0:00:44]} Ne4+ {[%emt 0:02:15]} 97. Kc4 {[%emt 0:00:05]} Rd4+ {[%emt 0:00:21]} 98. Kb5 {[%emt 0:00:05]} Kd3 {[%emt 0:00:45]} 99. Re6 {[%emt 0:01:49]} Nc3+ {[%emt 0:00:33]} 100. Kc5 {[%emt 0:00:25]} Rd5+ {[%emt 0:00:04]} 101. Kc6 {[%emt 0:00:07]} Kc4 {[%emt 0:00:09]} 102. Rd6 {[%emt 0:00:36]} Re5 {[%emt 0:00:19]} 103. Rd2 {[%emt 0:01:00]} Ra5 {[%emt 0:00:50]} 104. Kd7 {[%emt 0:00:19]} Ne4 {[%emt 0:00:38]} 105. Rd1 {[%emt 0:00:29]} Ra6 {[%emt 0:00:52]} 106. Ke7 {[%emt 0:00:05]} Nc3 {[%emt 0:00:18]} 107. Rd6 {[%emt 0:00:55]} Ra7+ {[%emt 0:00:39]} 108. Ke6 {[%emt 0:00:15]} Rh7 {[%emt 0:00:13]} 109. Rd2 {[%emt 0:00:53]} Ne4 {[%emt 0:00:12]} 110. Rd8 {[%emt 0:00:38]} Rh5 {[%emt 0:00:12]} 111. Rd1 {[%emt 0:00:16]} Nc5+ {[%emt 0:00:33]} 112. Kf6 {[%emt 0:00:16]} Nd3 {[%emt 0:00:08]} 113. Rg1 {[%emt 0:00:24]} Nf2 {[%emt 0:00:49]} 114. Rg2 {[%emt 0:01:15]} Ne4+ {[%emt 0:00:19]} 115. Ke6 {[%emt 0:00:03]} Kd4 {[%emt 0:00:09]} 116. Ra2 {[%emt 0:00:31]} Re5+ {[%emt 0:00:26]} 117. Kf7 {[%emt 0:00:28]} Rf5+ {[%emt 0:00:15]} 118. Ke6 {[%emt 0:00:24]} Rf6+ {[%emt 0:00:06]} 119. Ke7 {[%emt 0:00:06]} Rc6 {[%emt 0:00:51]} 120. Rh2 {[%emt 0:00:55]} Ng5 {[%emt 0:00:39]} 121. Rh5 {[%emt 0:00:33]} Nf3 {[%emt 0:00:17]} 122. Ra5 {[%emt 0:00:26]} Ne5 {[%emt 0:00:18]} 123. Ra4+ {[%emt 0:00:27]} Kd5 {[%emt 0:00:06]} 124. Ra5+ {[%emt 0:00:04]} Ke4 {[%emt 0:00:04]} 125. Ra1 {[%emt 0:00:24]} Nd3 {[%emt 0:00:10]} 126. Rh1 {[%emt 0:00:27]} Kd5 {[%emt 0:00:50]} 127. Rd1 {[%emt 0:00:06]} Ke4 {[%emt 0:00:09]} 128. Rh1 {[%emt 0:00:05]} Ne5 {[%emt 0:00:05]} 129. Re1+ {[%emt 0:00:09]} Kd4 {[%emt 0:00:12]} 1/2-1/2

[Event "22nd ETCC Women 2019"]
[Site "Batumi"]
[Date "2019.10.27"]
[Round "4.35"]
[White "Gvetadze, Sofio"]
[Black "Pavlidou, Ekaterini"]
[Result "1-0"]
[WhiteElo "2297"]
[BlackElo "2183"]
[Annotator "NA"]
[PlyCount "85"]
[EventDate "2019.10.24"]
[EventType "team-tourn"]
[EventCountry "GEO"]
[SourceTitle "playchess.com"]
[Source "ChessBase"]
[SourceQuality "1"]
[WhiteTeam "Georgia"]
[BlackTeam "Greece"]
[WhiteTeamCountry "GEO"]
[BlackTeamCountry "GRE"]
[TimeControl "40/5400+30:1800+30"]

1. e4 {[%emt 0:00:00]} c5 {[%emt 0:00:10]} 2. Nf3 {[%emt 0:00:00]} Nc6 {[%emt 0:00:11]} 3. Bb5 {[%emt 0:00:00]} Nf6 {[%emt 0:00:35]} 4. Bxc6 {[%emt 0:01:42]} dxc6 {[%emt 0:00:10]} 5. d3 {[%emt 0:00:09]} Qc7 {[%emt 0:00:55]} 6. h3 {[%emt 0:00:15]} e5 {[%emt 0:00:44]} 7. O-O {[%emt 0:00:38]} h6 {[%emt 0:01:19]} 8. Be3 {[%emt 0:07:05]} Be6 {[%emt 0:01:38]} 9. Nbd2 {[%emt 0:00:17]} O-O-O {[%emt 0:02:29]} 10. a3 {[%emt 0:12:59]} g5 {[%emt 0:16:51]} 11. b4 {[%emt 0:03:07]} g4 {[%emt 0:07:52]} 12. hxg4 {[%emt 0:00:54]} Bxg4 {[%emt 0:00:26]} 13. bxc5 {[%emt 0:01:57]} Be7 {[%emt 0:01:13]} 14. Qb1 {[%emt 0:10:48]} Rdg8 {[%emt 0:02:33]} 15. Kh1 {[%emt 0:00:40]} Nh5 {[%emt 0:07:44]} 16. Qb2 {[%emt 0:04:05]} f6 {[%emt 0:20:20]} 17. Nh2 {[%emt 0:10:15]} Rh7 {[%emt 0:05:12]} 18. Qb3 {[%emt 0:13:23]} Rhg7 {[%emt 0:00:47]} 19. Nc4 {[%emt 0:01:13]} Nf4 {[%emt 0:10:56]} 20. Bxf4 {[%emt 0:07:37]} exf4 {[%emt 0:00:03]} 21. d4 {[%emt 0:00:07]} Be2 {[%emt 0:03:33]} 22. Rg1 {[%emt 0:00:11]} Qd7 {[%emt 0:02:52]} 23. Rab1 {[%emt 0:12:20]} Kb8 {[%emt 0:06:47]} 24. Na5 {[%emt 0:01:36]} Ba6 {[%emt 0:00:34]} 25. Qf3 {[%emt 0:00:59]} Ka8 {[%emt 0:04:39]} 26. Nb3 {[%emt 0:01:37]} f5 {[%emt 0:01:28]} 27. exf5 {[%emt 0:05:58]} Qxf5 {[%emt 0:00:28]} 28. Qc3 {[%emt 0:01:56]} Qd5 {[%emt 0:00:30]} 29. Qf3 {[%emt 0:00:41]} Bh4 {[%emt 0:00:45]} 30. Nd2 {[%emt 0:01:51]} Qf5 {[%emt 0:00:44]} 31. c4 {[%emt 0:00:11]} Bf6 {[%emt 0:00:30]} 32. d5 {[%emt 0:00:12]} cxd5 {[%emt 0:00:09]} 33. cxd5 {[%emt 0:00:07]} Bd4 {[%emt 0:00:44]} 34. c6 {[%emt 0:00:18]} Bb6 {[%emt 0:00:28]} 35. Rbc1 {[%emt 0:01:07]} bxc6 {[%emt 0:00:35]} 36. dxc6 {[%emt 0:00:08]} Bc7 {[%emt 0:00:35]} 37. Nb3 {[%emt 0:00:55]} Re7 {[%emt 0:00:10]} 38. Nc5 {[%emt 0:00:44]} Be2 {[%emt 0:00:02]} 39. Qb3 {[%emt 0:00:23]} Qc8 {[%emt 0:00:34]} 40. Rb1 {[%emt 0:00:00]} Bb6 {[%emt 0:00:00]} 41. Nd7 {[%emt 0:00:53]} Rg6 {[%emt 0:02:04]} 42. Qa4 {[%emt 0:10:47]} Bxf2 {[%emt 0:02:30]} 43. Qb4 {[%emt 0:03:16]} 1-0

[Event "22nd ETCC Women 2019"]
[Site "Batumi"]
[Date "2019.10.27"]
[Round "4.36"]
[White "Makropoulou, Marina"]
[Black "Mikadze, Miranda"]
[Result "1/2-1/2"]
[WhiteElo "2201"]
[BlackElo "2279"]
[Annotator "NA"]
[PlyCount "65"]
[EventDate "2019.10.24"]
[EventType "team-tourn"]
[EventCountry "GEO"]
[SourceTitle "playchess.com"]
[Source "ChessBase"]
[SourceQuality "1"]
[WhiteTeam "Greece"]
[BlackTeam "Georgia"]
[WhiteTeamCountry "GRE"]
[BlackTeamCountry "GEO"]
[TimeControl "40/5400+30:1800+30"]

1. e4 {[%emt 0:00:00]} c6 {[%emt 0:00:00]} 2. d4 {[%emt 0:00:01]} d5 {[%emt 0:00:00]} 3. Nc3 {[%emt 0:00:18]} dxe4 {[%emt 0:00:00]} 4. Nxe4 {[%emt 0:00:05]} Bf5 {[%emt 0:00:00]} 5. Ng3 {[%emt 0:00:43]} Bg6 {[%emt 0:00:00]} 6. Nf3 {[%emt 0:01:31]} Nd7 {[%emt 0:00:14]} 7. Bd3 {[%emt 0:00:52]} e6 {[%emt 0:00:12]} 8. O-O {[%emt 0:00:50]} Ngf6 {[%emt 0:00:12]} 9. Re1 {[%emt 0:00:34]} Be7 {[%emt 0:00:33]} 10. b3 {[%emt 0:02:16]} O-O {[%emt 0:00:44]} 11. Bxg6 {[%emt 0:00:19]} hxg6 {[%emt 0:00:04]} 12. Bb2 {[%emt 0:00:13]} Qa5 {[%emt 0:05:33]} 13. Qe2 {[%emt 0:02:48]} Rfe8 {[%emt 0:11:12]} 14. a3 {[%emt 0:02:05]} c5 {[%emt 0:05:35]} 15. dxc5 {[%emt 0:08:27]} Qxc5 {[%emt 0:00:05]} 16. c4 {[%emt 0:00:26]} Rac8 {[%emt 0:06:05]} 17. Rad1 {[%emt 0:06:18]} a5 {[%emt 0:06:37]} 18. Rc1 {[%emt 0:07:02]} Qb6 {[%emt 0:02:31]} 19. Rb1 {[%emt 0:06:43]} Qa6 {[%emt 0:08:56]} 20. a4 {[%emt 0:07:47]} Nc5 {[%emt 0:04:38]} 21. Bc3 {[%emt 0:01:01]} Red8 {[%emt 0:04:33]} 22. Ne5 {[%emt 0:02:04]} b6 {[%emt 0:03:54]} 23. h4 {[%emt 0:05:58]} Qb7 {[%emt 0:00:33]} 24. h5 {[%emt 0:00:10]} g5 {[%emt 0:09:19]} 25. Qe3 {[%emt 0:09:06]} Nh7 {[%emt 0:02:36]} 26. b4 {[%emt 0:01:17]} axb4 {[%emt 0:01:21]} 27. Bxb4 {[%emt 0:00:16]} Qc7 {[%emt 0:01:40]} 28. Qf3 {[%emt 0:05:03]} Bd6 {[%emt 0:03:17]} 29. Bxc5 {[%emt 0:00:23]} Bxc5 {[%emt 0:00:13]} 30. a5 {[%emt 0:00:33]} f6 {[%emt 0:11:39]} 31. axb6 {[%emt 0:00:38]} Bxb6 {[%emt 0:00:14]} 32. Ng6 {[%emt 0:00:33]} Rb8 {[%emt 0:01:59]} 33. Rbc1 {[%emt 0:06:05]} 1/2-1/2

[Event "22nd ETCC Women 2019"]
[Site "Batumi"]
[Date "2019.10.28"]
[Round "5.1"]
[White "Goryachkina, Aleksandra"]
[Black "Hoang, Thanh Trang"]
[Result "1/2-1/2"]
[WhiteElo "2575"]
[BlackElo "2414"]
[Annotator "ChessBase"]
[PlyCount "80"]
[EventDate "2019.10.24"]
[EventType "team-tourn"]
[EventCountry "GEO"]
[SourceTitle "playchess.com"]
[Source "ChessBase"]
[SourceQuality "1"]
[WhiteTeam "Russia"]
[BlackTeam "Hungary"]
[WhiteTeamCountry "RUS"]
[BlackTeamCountry "HUN"]
[TimeControl "40/5400+30:1800+30"]

1. d4 {[%emt 0:00:00]} e6 {[%emt 0:00:01]} 2. c4 {[%emt 0:00:00]} f5 {[%emt 0:00:36]} 3. g3 {[%emt 0:00:27]} Nf6 {[%emt 0:00:16]} 4. Bg2 {[%emt 0:00:08]} c6 {[%emt 0:00:39]} 5. Nf3 {[%emt 0:01:11]} d5 {[%emt 0:00:24]} 6. Bf4 {[%emt 0:05:59]} Nbd7 {[%emt 0:10:05]} 7. O-O {[%emt 0:03:18]} h6 {[%emt 0:02:51]} 8. Qc2 {[%emt 0:08:22]} g5 {[%emt 0:02:26]} 9. Bd2 {[%emt 0:03:41]} Ne4 {[%emt 0:08:56]} 10. Nc3 {[%emt 0:05:46]} Bg7 {[%emt 0:00:48]} 11. Rad1 {[%emt 0:08:29]} Nxd2 {[%emt 0:05:12]} 12. Rxd2 {[%emt 0:01:13]} O-O {[%emt 0:00:44]} 13. b3 {[%emt 0:02:25]} Qe7 {[%emt 0:06:19]} 14. Na4 {[%emt 0:02:44]} dxc4 {[%emt 0:08:21]} 15. Qxc4 {[%emt 0:05:25]} Kh8 {[%emt 0:01:42]} 16. Rfd1 {[%emt 0:03:41]} Rb8 {[%emt 0:05:55]} 17. Qc2 {[%emt 0:01:59]} e5 {[%emt 0:02:20]} 18. Nxe5 {[%emt 0:01:03]} Nxe5 {[%emt 0:00:21]} 19. dxe5 {[%emt 0:00:04]} Qxe5 {[%emt 0:00:58]} 20. Nc5 {[%emt 0:01:06]} f4 {[%emt 0:03:55]} 21. Nd7 {[%emt 0:03:47]} Bxd7 {[%emt 0:00:14]} 22. Rxd7 {[%emt 0:00:04]} Qf6 {[%emt 0:09:23]} 23. R1d6 {[%emt 0:08:35]} Qa1+ {[%emt 0:01:02]} 24. Bf1 {[%emt 0:00:43]} Rf6 {[%emt 0:01:26]} 25. Rd8+ {[%emt 0:04:17]} Rxd8 {[%emt 0:00:33]} 26. Rxd8+ {[%emt 0:00:05]} Rf8 {[%emt 0:00:25]} 27. Rxf8+ {[%emt 0:02:06]} Bxf8 {[%emt 0:00:11]} 28. Qf5 {[%emt 0:00:14]} Qg7 {[%emt 0:02:00]} 29. Bh3 {[%emt 0:02:35]} b6 {[%emt 0:02:01]} 30. Bg4 {[%emt 0:03:16]} Bc5 {[%emt 0:03:06]} 31. Kg2 {[%emt 0:06:15]} Qd4 {[%emt 0:03:47]} 32. Kh3 {[%emt 0:01:18]} fxg3 {[%emt 0:02:06]} 33. fxg3 {[%emt 0:02:07]} Kg7 {[%emt 0:03:08]} 34. Bf3 {[%emt 0:01:16]} Qf6 {[%emt 0:02:37]} 35. Qd7+ {[%emt 0:00:41]} Qf7 {[%emt 0:01:02]} 36. Qxc6 {[%emt 0:04:34]} h5 {[%emt 0:01:24]} 37. g4 {[%emt 0:01:34]} hxg4+ {[%emt 0:00:36]} 38. Bxg4 {[%emt 0:00:33]} Qf1+ {[%emt 0:00:18]} 39. Qg2 {[%emt 0:00:09]} Qxg2+ {[%emt 0:00:09]} 40. Kxg2 {[%emt 0:00:00]} Kf6 {[%emt 0:00:00]} 1/2-1/2